[Event "ICS rated blitz match"]
[Site "207.99.83.227"]
[Date "1999.03.27"]
[Round "?"]
[White "Hossa"]
[Black "Prof-Moriarty"]
[Result "1-0"]
[WhiteElo "2500"]
[BlackElo "2204"]
[PlyCount "75"]

1. e4 d6 2. d4 Nf6 3. Nc3 g6 4. Nf3 Bg7 5. Bb5+ c6 6. Be2 O-O 7. O-O Na6 8.
Bxa6 bxa6 9. e5 Nd5 10. exd6 exd6 11. Nxd5 cxd5 12. c3 Bg4 13. h3 Bd7 14. Qb3
Qa5 15. Bf4 Rfb8 16. Qc2 Rb6 17. Rfe1 Rab8 18. b4 Qa3 19. Re7 Ba4 20. Qc1 Qxc1+
21. Rxc1 a5 22. Rxa7 axb4 23. Rxa4 bxc3 24. Rxc3 Rb1+ 25. Kh2 R1b2 26. Kg3 h5
27. Bxd6 Re8 28. Rc5 Ree2 29. Ra8+ Kh7 30. Ng5+ Kh6 31. Nxf7+ Kh7 32. Rxd5 Rxf2
33. Ng5+ Kh6 34. Kh4 Bf6 35. Bf8+ Bg7 36. Bxg7+ Kxg7 37. Rd7+ Kf6 38. Rf7# {
Prof-Moriarty checkmated} 1-0

[Event "ICS rated blitz match"]
[Site "207.99.83.227"]
[Date "1999.03.27"]
[Round "?"]
[White "Hossa"]
[Black "DrZabel"]
[Result "1-0"]
[WhiteElo "2505"]
[BlackElo "2403"]
[PlyCount "177"]

1. e4 d6 2. d4 g6 3. Nf3 Bg7 4. Bc4 e6 5. O-O Ne7 6. Bf4 O-O 7. e5 Nbc6 8. exd6
cxd6 9. Re1 d5 10. Bb3 b6 11. Nc3 Ba6 12. Ba4 Rc8 13. Bxc6 Nxc6 14. Qd2 Na5 15.
Rad1 Nc4 16. Qc1 b5 17. Nb1 Re8 18. Nbd2 b4 19. Nxc4 Bxc4 20. Bd2 Qb6 21. Qa1
a5 22. a3 Qb5 23. a4 Qb6 24. Bf4 Ba6 25. Rd2 f6 26. h4 Kf7 27. Qa2 Rc6 28. Qb1
Rec8 29. Kh1 h5 30. Qd1 Qb7 31. Qc1 Qd7 32. Re3 Rb6 33. Qa1 Rcc6 34. Qb1 Rc8
35. Qa2 Bc4 36. Qa1 Ba6 37. Re1 Rbc6 38. Qb1 Rc4 39. b3 R4c6 40. Qd1 Re8 41.
Re3 Rec8 42. Ne1 Bf8 43. Rg3 Bd6 44. Rf3 Kg7 45. Bg3 Rh8 46. Bxd6 Rxd6 47. Re3
Rf8 48. Rg3 Kh7 49. c3 Rc8 50. cxb4 axb4 51. Nc2 Rb6 52. Qb1 Qf7 53. Kg1 Rc3
54. Ne3 Rbc6 55. Rc2 Bd3 56. Rxc3 Rxc3 57. Qb2 f5 58. Nd1 f4 59. Rg5 Qc7 60.
Nxc3 bxc3 61. Qc1 c2 62. Re5 Bf5 63. Re1 Qc3 64. Kh1 Qxb3 65. Qxf4 Qxa4 66.
Qc7+ Kh6 67. Qe5 Kh7 68. Qe3 Qb5 69. f3 Qb1 70. Rc1 Qb4 71. g4 hxg4 72. fxg4
Be4+ 73. Kg1 Qd6 74. Qf2 Kg7 75. h5 Qb4 76. Qe3 Qd6 77. h6+ Kh7 78. g5 Qa6 79.
Qf4 Qa7 80. Kh2 Bf5 81. Qe5 Qf7 82. Kg3 Be4 83. Rf1 Bf5 84. Kh4 Qe7 85. Rg1 Qf7
86. Qf4 Qe7 87. Rg3 Qa7 88. Rc3 Qf7 89. Rc7 {DrZabel resigns} 1-0

[Event "ICS rated blitz match"]
[Site "207.99.83.227"]
[Date "1999.03.27"]
[Round "?"]
[White "PleasePlayMe"]
[Black "Hossa"]
[Result "0-1"]
[WhiteElo "2381"]
[BlackElo "2516"]
[PlyCount "84"]

1. e4 c5 2. c3 e5 3. Nf3 Qe7 4. Bc4 Nc6 5. O-O d6 6. d4 exd4 7. cxd4 Bd7 8. Nc3
Bg4 9. Nd5 Qd8 10. dxc5 dxc5 11. Qb3 Qd7 12. Bf4 O-O-O 13. Bb5 Bd6 14. Bg5 f6
15. Be3 Bxf3 16. gxf3 Qh3 17. f4 Qg4+ 18. Kh1 Qf3+ 19. Kg1 Qxe4 20. Rfd1 Nge7
21. Nxe7+ Bxe7 22. Rdc1 Nd4 23. Bxd4 Rxd4 24. Qe3 Qxe3 25. fxe3 Rb4 26. Bc4
Rxb2 27. Rab1 Rd2 28. Be6+ Kb8 29. Bf5 Rxa2 30. Be4 b6 31. Rd1 Ra4 32. Bf5 g6
33. Bh3 Rb4 34. Rbc1 Rb2 35. Rd7 Bd8 36. Rcd1 Bc7 37. Rf7 b5 38. Rdd7 Rb1+ 39.
Kg2 Bb6 40. Rb7+ Ka8 41. Bd7 Rb2+ 42. Kf3 42... Kxb7 {PleasePlayMe resigns} 0-1

[Event "ICS rated blitz match"]
[Site "207.99.83.227"]
[Date "1999.03.27"]
[Round "?"]
[White "Hossa"]
[Black "PleasePlayMe"]
[Result "1-0"]
[WhiteElo "2517"]
[BlackElo "2298"]
[PlyCount "75"]

1. e4 e5 2. Nf3 Nc6 3. Bb5 f5 4. exf5 e4 5. Qe2 Qe7 6. Bxc6 dxc6 7. Nd4 Qe5 8.
Ne6 Bxe6 9. fxe6 Nf6 10. d3 Bd6 11. Nd2 exd3 12. Qxe5 Bxe5 13. Nf3 Bd6 14. cxd3
O-O-O 15. O-O Rhe8 16. Ng5 Bc5 17. Bf4 Rxd3 18. Rae1 h6 19. Ne4 Bd4 20. Nxf6
Bxf6 21. Re2 Rd4 22. Bg3 Re7 23. f4 c5 24. f5 c4 25. Be5 Rg4 26. Bxf6 gxf6 27.
Rc2 b5 28. g3 c5 29. Rf4 Rg8 30. b3 cxb3 31. Rxc5+ Rc7 32. Rxc7+ Kxc7 33. axb3
Kd6 34. Rh4 Rh8 35. b4 Ke5 36. g4 Kf4 37. Kf2 Kg5 38. Kg3 {PleasePlayMe resigns
} 1-0

[Event "ICS rated blitz match"]
[Site "207.99.83.227"]
[Date "1999.03.27"]
[Round "?"]
[White "PleasePlayMe"]
[Black "Hossa"]
[Result "1-0"]
[WhiteElo "2258"]
[BlackElo "2518"]
[Annotator "Crafty v16.6"]
[PlyCount "47"]

{annotating for player Hossa using a scoring margin of +0.10 pawns. search
time limit is 12.00} 1. e4 1... d6 2. d4 Nf6 3. Nc3 c6 ({8:-0.55} 3... c6 4.
Nf3 d5 5. e5 Ne4 6. Nxe4 dxe4 7. Ng5 7... Bf5 $14) ({8:-0.36} 3... Nc6 4. Bb5
Bd7 5. Nf3 a6 6. Bc4 Na5 7. Bd3 $14) 4. f4 d5 5. e5 Ne4 6. Nf3 Nxc3 7. bxc3 Bg4
8. h3 Bxf3 ({9:-0.40} 8... Bxf3 9. Qxf3 e6 10. Bd3 c5 11. Bd2 cxd4 12. cxd4 Nc6
13. Bb5 13... Be7 $14) ({9:-0.29} 8... Bf5 9. Bd3 Bxd3 10. Qxd3 Nd7 11. Ba3 Nb6
12. Bc5 Na4 13. Bb4 $10) 9. Qxf3 e6 10. Bd3 Be7 11. O-O Qa5 ({9:-0.83} 11...
Qa5 12. f5 Qxc3 13. Be3 g6 14. fxe6 fxe6 15. Qf7+ Kd7 16. Kh2 16... g5 $16) ({
9:-0.37} 11... g6 12. Rb1 Qc7 13. Qg4 Nd7 14. h4 h5 15. Qg3 15... O-O-O $14)
12. Bd2 O-O ({8:-1.38} 12... O-O 13. f5 exf5 14. Bxf5 Qc7 15. e6 Bf6 16. exf7+
Qxf7 17. Qd3 17... g6 $16) ({8:-0.59} 12... g6 13. Rab1 Qc7 14. Rb2 O-O 15.
Rfb1 b6 16. Qe3 $14) 13. g4 c5 14. f5 cxd4 15. f6 gxf6 16. exf6 Bc5 ({7:-2.15} 
16... Bc5 17. Qf4 Rc8 18. cxd4 Bb4 19. Bxh7+ Kh8 20. Bxb4 20... Qxb4 $18) ({
8:-0.05} 16... Bd6 17. Bh6 Qxc3 18. Bxf8 Bxf8 19. Rab1 Bb4 20. Qf4 $10) 17. Qf4
dxc3+ 18. Kh1 Be3 19. Bxe3 d4 20. Qh6 Qd5+ 21. Kh2 Qe5+ 22. Bf4 Qxf4+ 23. Rxf4
e5 24. Qg7# 1-0

[Event "ICS rated blitz match"]
[Site "207.99.83.227"]
[Date "1999.03.27"]
[Round "?"]
[White "Hossa"]
[Black "PleasePlayMe"]
[Result "1-0"]
[WhiteElo "2513"]
[BlackElo "2408"]
[PlyCount "79"]

1. e4 c6 2. Nc3 d5 3. exd5 cxd5 4. Bb5+ Nc6 5. Nf3 Nf6 6. O-O Bg4 7. Bxc6+ bxc6
8. d4 e6 9. Qd3 Bf5 10. Qa6 Qc8 11. Qe2 Be7 12. Nh4 Bg6 13. Nxg6 hxg6 14. Bf4
O-O 15. Rae1 c5 16. Nb5 c4 17. Nc7 Rb8 18. Nxe6 fxe6 19. Bxb8 Qxb8 20. Qxe6+
Rf7 21. b3 cxb3 22. cxb3 Qf4 23. Qe3 Qf5 24. Qg3 Ne4 25. Qd3 Qg5 26. Qb5 Rf8
27. f3 Nd2 28. Re5 Rf5 29. Qxd5+ Kh7 30. Rxf5 gxf5 31. Rf2 Kh6 32. f4 Qh4 33.
g3 Qg4 34. Rxd2 Bb4 35. Rd3 Qe2 36. Qxf5 Be1 37. Qh3+ Kg6 38. Qf1 Bf2+ 39. Kg2
Qc2 40. Qd1 {PleasePlayMe resigns} 1-0

[Event "ICS rated blitz match"]
[Site "207.99.83.227"]
[Date "1999.03.27"]
[Round "?"]
[White "claudi"]
[Black "Hossa"]
[Result "1-0"]
[WhiteElo "2432"]
[BlackElo "2518"]
[Annotator "Crafty v16.6"]
[PlyCount "127"]

{annotating for player Hossa using a scoring margin of +0.10 pawns. search
time limit is 12.00} 1. d4 1... Nf6 2. Nf3 e6 3. Bf4 Bb4+ 4. c3 Be7 5. Nbd2 Nc6
({9:+0.04} 5... Nc6 6. e4 Nh5 7. Be3 O-O 8. Ne5 Nf6 9. Nxc6 dxc6 10. Bc4 $10) (
{9:+0.21} 5... Nh5 6. Be3 O-O 7. Ne4 Nc6 8. d5 Na5 9. d6 cxd6 10. Nxd6 $10) 6.
e4 O-O 7. Bd3 d6 8. Qe2 Nh5 ({9:-0.22} 8... Nh5 9. Be3 Nf6 10. Bg5 Ng4 11. Bxe7
Qxe7 12. O-O Bd7 13. Bc4 $10) ({9:+0.08} 8... e5 9. dxe5 Nh5 10. Be3 Nxe5 11.
Nxe5 dxe5 12. O-O Nf4 13. Bxf4 13... exf4 $10) 9. Bg3 f5 ({8:-0.15} 9... f5 10.
exf5 exf5 11. d5 Na5 12. b4 f4 13. bxa5 fxg3 14. hxg3 $10) ({8:-0.03} 9... Na5
10. e5 d5 11. Ng1 Nxg3 12. hxg3 h6 13. O-O-O 13... Bd7 $10) 10. h3 Nxg3 11.
fxg3 f4 12. g4 Bh4+ 13. Nxh4 Qxh4+ 14. Qf2 Qxf2+ 15. Kxf2 e5 ({8:-0.24} 15...
e5 16. Bc4+ Kh8 17. d5 Ne7 18. Rad1 c6 19. Nf3 cxd5 20. Bxd5 $10) ({8:-0.11} 
15... Ne7 16. Nc4 Rd8 17. Rhe1 c5 18. Rac1 cxd4 19. cxd4 19... Nc6 $10) 16. d5
Ne7 17. Nf3 c6 ({9:-0.42} 17... c6 18. dxc6 Nxc6 19. Bc4+ Kh8 20. Rhd1 Na5 21.
Bd5 Rf6 22. b4 Nc6 23. Bxc6 23... bxc6 $14) ({9:-0.15} 17... Bd7 18. Rad1 Ng6
19. Rhf1 Rae8 20. Ng5 h6 21. Nf3 21... Rf6 $10) 18. dxc6 bxc6 19. Rhd1 Rf6 20.
Rd2 Be6 21. Rad1 Bxa2 22. Bc2 Rb8 23. b4 Nc8 24. g5 Rf7 25. Ra1 Bc4 26. h4 Rf8
({9:+0.66} 26... Rf8 27. Bd3 Bxd3 28. Rxd3 Kf7 29. h5 Re8 30. h6 c5 31. Ra4
cxb4 32. cxb4 $15) ({9:+0.99} 26... Rc7 27. Ra5 Be6 28. h5 Rd7 29. Ra3 Kf8 30.
Bb3 30... Bg4 $17) 27. Bd1 Rb6 ({9:+0.66} 27... Rb6 28. Be2 Bxe2 29. Kxe2 Kf7
30. h5 Re8 31. h6 c5 32. Ra4 cxb4 33. cxb4 $15) ({9:+0.78} 27... Re8 28. Be2
Bxe2 29. Kxe2 Rb5 30. Kd3 Kf7 31. h5 c5 32. Kc4 $17) 28. Ra5 Rb5 ({9:+0.21} 
28... Rb5 29. Ba4 Rxa5 30. bxa5 c5 31. Bd7 Kf7 32. Bxc8 Rxc8 33. Rxd6 33... Ke7
$10) ({9:+0.89} 28... Bf7 29. Bc2 Re8 30. Ra1 Kf8 31. Bd3 Rd8 32. Ra6 d5 33.
Rxb6 33... axb6 $17) 29. Ba4 Rxa5 30. bxa5 Bb5 ({11:-0.49} 30... Bb5 31. Bb3+
d5 32. Rb2 Kh8 33. exd5 e4 34. Nd4 e3+ 35. Kf3 Ne7 36. d6 36... Ng6 $14) ({
11:+0.46} 30... Rf7 31. Bxc6 Rc7 32. Be8 Bf7 33. Bb5 Bg6 34. Ba6 Bxe4 35. Bxc8
Rxc8 36. Rxd6 Bxf3 37. gxf3 37... Rxc3 $15) 31. Bb3+ Kh8 32. c4 Ba6 33. c5 d5
34. Nxe5 dxe4 35. Nf7+ Kg8 36. Rd7 e3+ 37. Ke1 g6 ({9:-2.42} 37... g6 38. Nd8+
Kh8 39. Ne6 Rg8 40. Nc7 f3 41. gxf3 Bb5 42. Bxg8 42... Kxg8 $18) ({9:-1.91} 
37... Bb5 38. Rc7 Ba6 39. Be6 Re8 40. Nd8+ Kf8 41. Bxc8 Bxc8 42. Rxc8 42... Kg8
$18) 38. h5 f3 ({9:-5.43} 38... f3 39. gxf3 Bd3 40. Rxd3 gxh5 41. Ne5+ Kg7 42.
Rxe3 Re8 43. Bf7 $18) ({9:-3.58} 38... Bd3 39. Ne5+ Kh8 40. Nxd3 f3 41. gxf3
gxh5 42. Ke2 Re8 43. f4 $18) 39. gxf3 Bd3 40. Rxd3 Ne7 41. hxg6 hxg6 ({10:-7.31
} 41... hxg6 42. Ne5+ Kg7 43. Rd7 Re8 44. Bf7 Kf8 45. Bxe8 Kxe8 46. Rxa7 46...
Kf8 $18) ({10:-6.38} 41... Nxg6 42. Nd6+ Kg7 43. Rxe3 Nf4 44. Kd2 Rb8 45. Bf7
h6 46. gxh6+ Kxh6 47. Re7 47... Rb1 $18) 42. Nh6+ Kh8 43. Rxe3 Nd5 ({11:-7.07} 
43... Nd5 44. Bxd5 cxd5 45. Rd3 a6 46. Kf2 Rb8 47. Rxd5 Rb5 48. Rd8+ Kg7 49.
Rd7+ Kf8 50. Rd8+ 50... Ke7 $18) ({11:-6.18} 43... Nf5 44. Nxf5 Rxf5 45. Re8+
Kg7 46. Re7+ Kh8 47. Rxa7 Rxg5 48. Re7 Rxc5 49. a6 Rc1+ 50. Kd2 50... Ra1 $18)
44. Bxd5 cxd5 45. Re7 Rc8 ({10:-8.25} 45... Rc8 46. Ng4 Kg8 47. Rxa7 d4 48.
Nf6+ Kf8 49. Ke2 Rc6 50. Nd7+ Ke8 51. a6 $18) ({10:-7.73} 45... Rxf3 46. c6 Rc3
47. c7 a6 48. Re8+ Kg7 49. Rg8+ Kh7 50. c8=Q Rxc8 51. Rxc8 Kg7 52. Rc7+ 52...
Kf8 $18) 46. Ng4 Rxc5 47. Nf6 Rc1+ 48. Kf2 Rh1 49. f4 Rh2+ 50. Kg3 Rh5 51. Nxh5
gxh5 52. Kh4 Kg8 53. f5 Kf8 54. f6 a6 55. Kxh5 Kg8 56. Kg6 Kf8 57. Kf5 d4 58.
Rd7 Ke8 59. Ke6 d3 60. f7+ Kf8 61. Rd8+ Kg7 62. f8=Q+ Kg6 63. Qf5+ Kh5 64. Rh8#
1-0

[Event "ICS rated blitz match"]
[Site "207.99.83.227"]
[Date "1999.03.27"]
[Round "?"]
[White "Kengtin"]
[Black "Hossa"]
[Result "1/2-1/2"]
[WhiteElo "2212"]
[BlackElo "2498"]
[PlyCount "112"]

1. d4 Nf6 2. Nf3 e6 3. Bg5 Bb4+ 4. c3 Be7 5. Nbd2 d5 6. e3 Nbd7 7. Bd3 c5 8.
Qe2 O-O 9. h4 cxd4 10. exd4 Qb6 11. O-O-O Qa5 12. Kb1 Bd6 13. Bxf6 Nxf6 14. Ne5
Bd7 15. f4 Rac8 16. g4 Ba4 17. Rc1 Qb6 18. Ka1 Nd7 19. g5 Rc7 20. h5 Bxe5 21.
fxe5 Nb8 22. Nf3 Qa5 23. Qg2 Bb3 24. a3 Bc4 25. Bb1 Qb5 26. Qc2 f5 27. gxf6
gxf6 28. exf6 Rxf6 29. Ne5 Nc6 30. Rcg1+ Kf8 31. Qg2 Nxe5 32. dxe5 Rff7 33.
Qg8+ Ke7 34. Rg7 Qe8 35. Rxf7+ Qxf7 36. Qxf7+ Kxf7 37. Bxh7 Kg7 38. Bb1 Kh6 39.
Bg6 a5 40. Kb1 Bb3 41. Rf1 Kg5 42. Rf7 Rxf7 43. Bxf7 b5 44. Bxe6 Kxh5 45. Bd7
Kg6 46. Bxb5 Kf5 47. Kc1 Kxe5 48. Kd2 Kd6 49. Ke3 Kc5 50. Be2 a4 51. Kd2 Kd6
52. Ke3 Kc5 53. Kd2 Kd6 54. Ke3 Kc5 55. Kd2 Kd6 56. Ke3 56... Kc5 {
Game drawn by repetition} 1/2-1/2

[Event "ICS rated blitz match"]
[Site "207.99.83.227"]
[Date "1999.03.27"]
[Round "?"]
[White "Hossa"]
[Black "Kengtin"]
[Result "1-0"]
[WhiteElo "2487"]
[BlackElo "2223"]
[PlyCount "43"]

1. e4 e5 2. Nf3 Nc6 3. Bb5 a6 4. Bxc6 dxc6 5. O-O f6 6. d4 exd4 7. Nxd4 Bd6 8.
Qh5+ g6 9. Qd1 Qe7 10. Nc3 h5 11. Qd3 Nh6 12. e5 Bxe5 13. Qxg6+ Qf7 14. Qe4 Kf8
15. Bf4 Bxf4 16. Qxf4 Ng4 17. Rad1 Ne5 18. Rfe1 Rg8 19. Ne4 Rg6 20. Nxf6 Qxf6
21. Qxf6+ Rxf6 22. Rxe5 {Kengtin resigns} 1-0

[Event "ICS rated blitz match"]
[Site "207.99.83.227"]
[Date "1999.03.27"]
[Round "?"]
[White "Hossa"]
[Black "Kengtin"]
[Result "1-0"]
[WhiteElo "2498"]
[BlackElo "2212"]
[PlyCount "141"]

1. e4 e5 2. Nf3 Nc6 3. Bc4 Bc5 4. c3 Nf6 5. d4 exd4 6. e5 d5 7. Bb5 Ne4 8. cxd4
Bb4+ 9. Nbd2 Bd7 10. Bxc6 bxc6 11. O-O O-O 12. Qc2 Nxd2 13. Bxd2 Bxd2 14. Nxd2
Rb8 15. Nb3 Qh4 16. Nc5 Bc8 17. Qd2 Bf5 18. Rad1 Rbe8 19. Qa5 f6 20. f4 fxe5
21. fxe5 Qg5 22. Qd2 Qxd2 23. Rxd2 Bc8 24. Rxf8+ Rxf8 25. Rf2 Rxf2 26. Kxf2 Kf7
27. h4 Ke7 28. b4 h6 29. Kf3 Kf7 30. g4 g6 31. Kf4 Ke7 32. a3 Kf7 33. a4 Ke7
34. g5 h5 35. Kf3 Kf7 36. Kg3 Ke7 37. Kf4 Kf7 38. Ke3 Ke7 39. Kf2 Kf7 40. Ke2
Ke7 41. Kd3 Kf7 42. Kd2 Ke7 43. Kc2 Bf5+ 44. Kc3 Bc8 45. Kb3 Kf7 46. Kc2 Ke7
47. Kd1 Kd8 48. Ke1 Ke7 49. a5 Kd8 50. a6 Ke7 51. Kf2 Kf7 52. Ke3 Ke7 53. Ke2
Kf7 54. Kf1 Ke7 55. Kg2 Kf7 56. Nb7 Ke7 57. Kf1 Bf5 58. Ke2 Bc8 59. Kf2 Ke8 60.
Kf3 Ke7 61. Nc5 Kf7 62. Kf4 Ke7 63. Kg3 Bf5 64. Kg2 Bc8 65. Nd3 Bxa6 66. Nf4
Kf7 67. e6+ Ke7 68. Nxg6+ Kxe6 69. Nf4+ Kf5 70. Kf3 Bc4 71. Nxh5 {
Kengtin resigns} 1-0

[Event "ICS rated blitz match"]
[Site "207.99.83.227"]
[Date "1999.03.27"]
[Round "?"]
[White "Hossa"]
[Black "rabid"]
[Result "1-0"]
[WhiteElo "2508"]
[BlackElo "2339"]
[PlyCount "107"]

1. e4 e6 2. Nf3 d5 3. exd5 exd5 4. d4 Nf6 5. Bb5+ c6 6. Bd3 Bd6 7. Bg5 h6 8.
Bxf6 Qxf6 9. O-O O-O 10. Nbd2 Bg4 11. Re1 Nd7 12. Qe2 Bf5 13. Bxf5 Qxf5 14. Nf1
Nf6 15. Ne3 Qd7 16. Qd3 Rfe8 17. Nf5 Ne4 18. Nxd6 Qxd6 19. Re2 Re6 20. Rae1
Rae8 21. Ne5 f6 22. Ng6 Qd7 23. Qa3 a6 24. f3 Nd6 25. Rxe6 Rxe6 26. Rf1 Qf7 27.
Qd3 f5 28. Ne5 Qf6 29. Qd2 Nf7 30. f4 Nxe5 31. fxe5 Qf7 32. Qf4 Re8 33. Qxf5
Qe7 34. b4 b6 35. Qg6 c5 36. c3 cxb4 37. cxb4 Rb8 38. Qc6 a5 39. Qxd5+ Kh8 40.
bxa5 bxa5 41. Qxa5 Rb2 42. Qa8+ Kh7 43. Qe4+ Kg8 44. Rb1 Rxb1+ 45. Qxb1 Qa3 46.
Qb3+ Qxb3 47. axb3 Kf7 48. d5 Ke7 49. b4 Kd7 50. Kf2 Kc7 51. Ke3 Kd7 52. b5 Kc7
53. d6+ Kd7 54. Kd4 {rabid resigns} 1-0

[Event "ICS rated blitz match"]
[Site "207.99.83.227"]
[Date "1999.03.27"]
[Round "?"]
[White "rabid"]
[Black "Hossa"]
[Result "0-1"]
[WhiteElo "2330"]
[BlackElo "2517"]
[PlyCount "122"]

1. d4 Nf6 2. e3 e6 3. Bd3 Be7 4. f4 c5 5. c3 Nc6 6. Nf3 cxd4 7. exd4 O-O 8. O-O
b6 9. Nbd2 Bb7 10. Qe2 Rc8 11. Ne5 d6 12. Nef3 Qe8 13. Ne4 Nd7 14. Be3 d5 15.
Ned2 Qd8 16. Kh1 Kh8 17. Ne5 Nf6 18. Rf3 Ne4 19. Rh3 Nxe5 20. fxe5 Qe8 21. Qh5
h6 22. Bxe4 f5 23. Qxe8 Rcxe8 24. Bd3 f4 25. Bf2 Bc6 26. Rf1 Rc8 27. Rf3 Rg8
28. Bg6 Bb5 29. Re1 Rgf8 30. Bd3 Bxd3 31. Rxd3 b5 32. a3 Rf5 33. Kg1 Rh5 34.
Nf3 Rd8 35. Rf1 Rf8 36. Be1 g5 37. h3 a5 38. Nh2 Rg8 39. Ng4 Rf8 40. Bd2 Rf7
41. Rdf3 a4 42. g3 Rxh3 43. gxf4 Rh4 44. Rg3 gxf4 45. Bxf4 Rg7 46. Nf6 Rxf4 47.
Rxg7 Rxf1+ 48. Kxf1 Kxg7 49. Ng4 Bh4 50. Ke2 h5 51. Nh2 Bg5 52. Kd1 h4 53. Kc2
h3 54. b3 Kg6 55. bxa4 bxa4 56. c4 dxc4 57. Kc3 Kf5 58. Kxc4 Bf4 59. Nf3 Ke4
60. Ng1 h2 61. Nh3 61... Be3 {rabid resigns} 0-1

[Event "ICS rated blitz match"]
[Site "207.99.83.227"]
[Date "1999.03.27"]
[Round "?"]
[White "Hossa"]
[Black "rabid"]
[Result "1-0"]
[WhiteElo "2525"]
[BlackElo "2322"]
[PlyCount "85"]

1. e4 e6 2. d4 d5 3. Nd2 Nf6 4. e5 Nfd7 5. Ngf3 c5 6. c3 Nc6 7. Bb5 a6 8. Bxc6
bxc6 9. O-O cxd4 10. cxd4 c5 11. Nb3 c4 12. Nbd2 a5 13. Qc2 Ba6 14. Nb1 Bb4 15.
Bg5 Be7 16. Bxe7 Qxe7 17. Nc3 O-O 18. Rac1 Rfb8 19. Qd2 Rb4 20. Ng5 h6 21. Nf3
Rab8 22. Rc2 Qd8 23. Rfc1 Qb6 24. Rb1 Bb5 25. a3 Rb3 26. Qe3 Bc6 27. Nd2 a4 28.
Nxb3 axb3 29. Re2 Qb7 30. Rc1 Nb6 31. Qf4 Na4 32. Nxa4 Bxa4 33. Re3 Be8 34. Rg3
Kh8 35. Qg4 g6 36. Qf4 Kg7 37. Rh3 h5 38. g4 Qe7 39. gxh5 g5 40. Qg4 Kh6 41.
Rf3 Bd7 42. Rf6+ Kh7 43. Qxg5 {rabid resigns} 1-0

[Event "ICS rated blitz match"]
[Site "207.99.83.227"]
[Date "1999.03.27"]
[Round "?"]
[White "rabid"]
[Black "Hossa"]
[Result "1-0"]
[WhiteElo "2314"]
[BlackElo "2533"]
[Annotator "Crafty v16.6"]
[PlyCount "79"]

{annotating for player Hossa using a scoring margin of +0.10 pawns. search
time limit is 12.00} 1. d4 1... Nf6 2. e3 e6 3. Bd3 Be7 4. f4 c5 5. c3 Nc6 6.
Nf3 cxd4 7. exd4 O-O 8. O-O b6 ({8:+0.37} 8... b6 9. Nbd2 Bb7 10. Ng5 Rc8 11.
Re1 Re8 12. Nc4 $15) ({8:+0.49} 8... d6 9. Nbd2 e5 10. f5 Bd7 11. Re1 Ng4 12.
Nc4 $15) 9. Nbd2 Bb7 10. Qe2 Rc8 11. Ne5 d6 12. Nef3 Qe8 ({8:+0.18} 12... Qe8
13. Ne4 Qd7 14. Nfg5 Nd5 15. Nxh7 Nxd4 16. cxd4 16... Kxh7 $10) ({8:+0.34} 
12... Qd7 13. Re1 a5 14. Ng5 h6 15. Ngf3 Ng4 16. Qe4 $15) 13. Ne4 Nd7 ({7:+0.10
} 13... Nd7 14. Neg5 g6 15. Re1 Bf6 16. Ne4 16... Be7 $10) ({7:+0.24} 13...
Nxe4 14. Bxe4 Qd7 15. Ng5 Bxg5 16. fxg5 Na5 17. Bf4 17... Bxe4 $10) 14. Be3 d5
15. Ned2 Qd8 16. Kh1 Kh8 ({8:+0.10} 16... Kh8 17. Ne5 Qc7 18. Rae1 Nf6 19. Kg1
Qd6 20. Ndf3 $10) ({8:+0.26} 16... a5 17. Ne5 a4 18. Nxd7 Qxd7 19. Qh5 h6 20.
Rae1 20... a3 $10) 17. Ne5 Nf6 ({8:-0.22} 17... Nf6 18. f5 exf5 19. Bxf5 Rc7
20. Bf4 Bd6 21. Rae1 21... Kg8 $10) ({8:+0.07} 17... Qc7 18. Nxd7 Qxd7 19. Qh5
h6 20. Nf3 Kg8 21. Ne5 21... Qd6 $10) 18. Rf3 Ne4 19. Rh3 Nxe5 ({8:-0.64} 19...
Nxe5 20. fxe5 h6 21. Bxe4 dxe4 22. Qg4 f5 23. exf6 Rxf6 24. Nxe4 24... Rf5 $14)
({8:-0.08} 19... h6 20. Qh5 Nxe5 21. fxe5 Ng5 22. Rg3 Kg8 23. Kg1 23... Qd7 $10
) 20. fxe5 Qe8 ({8:-4.55} 20... Qe8 21. Nxe4 f5 22. Ng5 Bxg5 23. Bxg5 Qf7 24.
Kg1 24... a5 $18) ({8:-0.82} 20... h6 21. Bxe4 dxe4 22. Qg4 Kh7 23. Nxe4 Kh8
24. Rg3 24... Rg8 $16) 21. Bxe4 dxe4 ({9:-Mat06} 21... dxe4 22. Qh5 Bh4 23.
Rxh4 h6 24. Bxh6 Kg8 25. Bxg7 f5 26. Qh7+ Kf7 27. Bh8# $18) ({9:-4.59} 21... f5
22. exf6 dxe4 23. fxe7 Qxe7 24. Qg4 Qf7 25. Nxe4 25... Qf5 $18) 22. Qh5 Bh4 23.
Qxh4 h6 24. Bxh6 Kg8 25. Bxg7 f5 26. exf6 Qg6 27. Rg3 Qxg3 28. Qxg3 Rf7 29. Qh4
Rfc7 30. Qg5 Bc6 ({8:-18.69} 30... Bc6 31. Rf1 Rf8 32. Qh6 Kf7 33. Qh5+ Kg8 34.
Qh8+ Kf7 35. Qxf8+ Kg6 36. Qd6 Rc8 37. Qxe6 $18) ({8:-15.06} 30... Rf7 31. Qh6
Rfc7 32. Qg6 Bd5 33. f7+ Rxf7 34. Bh6+ Kh8 35. Qxf7 Rg8 36. h4 $18) 31. Qg6 Be8
32. Qg5 Bc6 33. Re1 e3 34. Rxe3 Bd5 35. Bh6+ Kh8 36. Rh3 Rh7 37. Bg7+ Kg8 38.
Rxh7 Rd8 39. Qg6 Re8 40. Rh8# 1-0

[Event "ICS rated blitz match"]
[Site "207.99.83.227"]
[Date "1999.03.27"]
[Round "?"]
[White "Hossa"]
[Black "BERTA"]
[Result "1-0"]
[WhiteElo "2508"]
[BlackElo "2521"]
[PlyCount "107"]

1. e4 c5 2. Bc4 e6 3. Nc3 Nc6 4. Nf3 Nf6 5. O-O Be7 6. d4 cxd4 7. Nxd4 O-O 8.
Bf4 d5 9. exd5 exd5 10. Bb3 Na5 11. Ba4 a6 12. Re1 Bd7 13. Bxd7 Qxd7 14. Qf3
Nc4 15. b3 Nb6 16. Nce2 Rac8 17. c3 Ne4 18. Rad1 Rfe8 19. Bd2 Bf8 20. Bc1 g6
21. Bd2 Bg7 22. a4 Qd6 23. Qd3 Nd7 24. Bf4 Qb6 25. Be3 Ndc5 26. Qc2 Qc7 27. f3
Nf6 28. Bf4 Qb6 29. Bd2 Nfd7 30. Kh1 Ne5 31. a5 Qf6 32. Nf4 Red8 33. Be3 Ne6
34. Nfxe6 fxe6 35. Bf2 Re8 36. Qd2 Nc6 37. Nxc6 Rxc6 38. Bd4 e5 39. f4 Qf5 40.
Bxe5 Bxe5 41. Qxd5+ Qe6 42. Rxe5 Qxd5 43. Rxe8+ Kf7 44. Rxd5 Kxe8 45. c4 Re6
46. Re5 Rxe5 47. fxe5 Ke7 48. Kg1 Ke6 49. Kf2 Kxe5 50. Ke3 g5 51. g4 h6 52. b4
Ke6 53. Ke4 Kd6 54. Kf5 {BERTA resigns} 1-0